00633nam a2200181 a 450000100100000000500170001000800410002702000150006804000250008308200150010810000290012324500850015226000490023730000300028650000410031650000670035765000270042400002175120200930011433.0100910s1997 pr b r 000 0 spa d a1563281031 aDO-SdBNPbspacBNPHU a460bG216a1 aGarcía Cabrera, Estela10aAbriendo caminos :bEl español como segundo idioma /cEstela García Cabrera. aSan Juan, Puerto Rico :bPlaza Mayor,c1997. a749 p. :bmaps. ;c27 cm. aIncluye bibliografía p. [747-749]. aIncluye referencia biográfica del autor en la contraportada. 4aEspañolxEnseñanza